Christopher Nolan Films - Statistics

General Stats
  • This quiz has been taken 13 times
  • The average score is 10 of 13
Answer Stats
Release Plot Answer % Correct
2010 A professional thief who steals information by infiltrating the subconscious of his targets. Inception
100%
2014 Earth is suffering from catastrophic blight and famine, the film follows a group of astronauts who travel through space in search of a new home for humanity. Interstellar
100%
2023 An American theoretical physicist who helped develop the first nuclear weapons during World War II. Oppenheimer
100%
2005 Batman and his fight to stop Ra's al Ghul and the Scarecrow from plunging Gotham City into chaos. Batman Begins
91%
2008 Follows the vigilante Batman, police lieutenant James Gordon, and district attorney Harvey Dent, who form an alliance to dismantle organized crime in Gotham City. The Dark Knight
91%
2026 An adaptation of Homer's ancient Greek epic. The Odyssey
91%
2017 Depicts an important evacuation during World War II from the perspectives of people on the land, sea, and air. Dunkirk
82%
2000 A man who has anterograde amnesia, who uses an elaborate system of clues in an attempt to uncover the perpetrator who killed his wife Memento
82%
2020 A CIA officer who is recruited into a secret organization, tasked with tracing the origin of objects that are traveling backward through time. Tenet
82%
2012 Follows a retired Wayne being forced to resume his role as Batman to save Gotham City from nuclear destruction at the hands of the terrorist The Dark Knight Rises
82%
2006 Stage magicians who compete to create a superior teleportation illusion. The Prestige
73%
2002 Two Los Angeles homicide detectives investigating a murder in Nightmute, Alaska. Insomnia
45%
1998 A young man who follows strangers around the streets of London and is drawn into a criminal underworld when he fails to keep his distance. Following
27%
No matching quizzes found
Score Distribution
Percent of People with Each Score
Percentile by Number Answered
Your Score History
You have not taken this quiz